书目信息 |
| 题名: |
营养与食品卫生学
|
|
| 作者: | 孙长颢 主编 | |
| 分册: | ||
| 出版信息: | 北京 人民卫生出版社 2012 |
|
| 页数: | 20,553页 | |
| 开本: | 26cm | |
| 丛书名: | ||
| 单 册: | ||
| 中图分类: | R15 | |
| 科图分类: | ||
| 主题词: | 营养学--高等学校--教材 , 营养学 , 食品卫生学--高等学校--教材 , 食品卫生学 | |
| 电子资源: | ||
| ISBN: | 978-7-117-16063-6 | |
| 000 | 01185nam0 2200313 45 | |
| 001 | 1354542233 | |
| 005 | 20130510094447.57 | |
| 010 | @a978-7-117-16063-6@dCNY59.00 | |
| 100 | @a20130108d2012 em y0chiy50 ea | |
| 101 | 0 | @achi |
| 102 | @aCN@b110000 | |
| 105 | @ay z 001yy | |
| 106 | @ar | |
| 200 | 1 | @a营养与食品卫生学@AYing Yang Yu Shi Pin Wei Sheng Xue@f孙长颢主编@FSun Chang Hao Zhu Bian |
| 205 | @a7版 | |
| 210 | @a北京@c人民卫生出版社@d2012 | |
| 215 | @a20,553页@d26cm@e附光盘1片 | |
| 300 | @a卫生部“十二五”规划教材 全国高等医药教材建设研究会规划教材 全国高等学校教材 全国高等学校预防医学专业第七轮卫生部规划教材 6 | |
| 300 | @a供预防医学类专业用 | |
| 307 | @a附光盘:ISBN 978-7-89456-308-8 | |
| 330 | @a本书分为营养学、食品卫生学两部分,分别对营养学基础、食物中的生物活性成分、各类食物的营养价值、食品污染及其预防、食品添加剂及其管理、食品新技术及其卫生学问题等内容进行了全面、系统地介绍。 | |
| 606 | 0 | @a营养学@x高等学校@j教材 |
| 606 | 0 | @a营养学 |
| 606 | 0 | @a食品卫生学@x高等学校@j教材 |
| 606 | 0 | @a食品卫生学 |
| 690 | @aR15@v5 | |
| 701 | 0 | @a孙长颢@ASun Chang Hao@4主编 |
| 801 | @aCN@bTANGWEI@c20130109 | |
| 905 | @b0830755-57@dR15@e107=7@f3 | |
| 营养与食品卫生学/孙长颢主编.-7版.-北京:人民卫生出版社,2012 |
| 20,553页;26cm+附光盘1片 |
| 卫生部“十二五”规划教材 全国高等医药教材建设研究会规划教材 全国高等学校教材 全国高等学校预防医学专业第七轮卫生部规划教材 6.-供预防医学类专业用 |
| ISBN 978-7-117-16063-6:CNY59.00 |
| 本书分为营养学、食品卫生学两部分,分别对营养学基础、食物中的生物活性成分、各类食物的营养价值、食品污染及其预防、食品添加剂及其管理、食品新技术及其卫生学问题等内容进行了全面、系统地介绍。 |
| ● |
| 相关链接 |
|
|
|
|
正题名:营养与食品卫生学
索取号:R15/107=7
 
预约/预借
| 序号 | 登录号 | 条形码 | 馆藏地/架位号 | 状态 | 备注 |
| 1 | 0830755 | 208307553 | 第二样本阅览室/ [索取号:R15/107=7] | 在馆 | |
| 2 | 0830756 | 208307562 | 第三借阅区/ [索取号:R15/107=7] | 在馆 | |
| 3 | 0830757 | 208307571 | 第三借阅区/ [索取号:R15/107=7] | 在馆 |